000 00764nam a2200229Ia 4500
003 GCL
008 140319s9999 xx 000 0 ara d
040 _aGCL /
_cGCL
082 0 4 _a930.1
_bع ع
100 1 _aعزت زكى حامد قادوس
245 1 0 _aعلم الحفائر وفن المتاحف /
_cعزت زكى حامد قادوس
260 _aالقاهرة :
_bدار المعرفة الجامعية ،
_c2004
300 _a502 ص ؛
_c24 سم
650 0 4 _aالمتاحف
650 0 4 _aمصر - الاثار
650 0 4 _aالاثار الرومانية فى مصر
650 0 4 _aمصر - المتاحف
650 0 4 _aالاثار - ترميم
650 0 4 _aالاثار - علم
650 0 4 _aالاثار - حماية
942 _2ddc
_cBK
999 _c46124
_d46124